Direct and alternating currents : (Record no. 13307)
[ view plain ]
| 000 -LEADER | |
|---|---|
| fixed length control field | 00812cam a22002771 4500 |
| 001 - CONTROL NUMBER | |
| control field | 13307 |
| 003 - CONTROL NUMBER IDENTIFIER | |
| rucl marc code | BD-RjUL |
| 005 - DATE AND TIME OF LATEST TRANSACTION | |
| control field | 20211208235432.0 |
| 008 - FIXED-LENGTH DATA ELEMENTS--GENERAL INFORMATION | |
| fixed length control field | 140130s1954 nyua 001 0 eng |
| 035 ## - SYSTEM CONTROL NUMBER | |
| System control number | (BD-RjUL)13358 |
| System control number | (OCoLC)562910 |
| 040 ## - CATALOGING SOURCE | |
| Original cataloging agency | DLC |
| Transcribing agency | OCU |
| Modifying agency | BD-RjUL |
| Language of cataloging | eng |
| 041 ## - LANGUAGE CODE | |
| Language code of text/sound track or separate title | eng |
| 082 00 - DEWEY DECIMAL CLASSIFICATION NUMBER | |
| Classification number | 621.313 |
| Author mark and year | LOD 1954 |
| 100 1# - MAIN ENTRY--PERSONAL NAME | |
| Personal name | Loew, Edgar Allan, |
| Dates associated with a name | 1882- |
| 9 (RLIN) | 41438 |
| 245 10 - TITLE STATEMENT | |
| Title | Direct and alternating currents : |
| Remainder of title | theory and machinery / |
| Statement of responsibility, etc. | E.A. Loew assisted by F.R. Bergseth. |
| 250 ## - EDITION STATEMENT | |
| Edition statement | 4th ed. |
| 260 ## - PUBLICATION, DISTRIBUTION, ETC. (IMPRINT) | |
| Place of publication, distribution, etc. | New York : |
| Name of publisher, distributor, etc. | McGraw-Hill, |
| Date of publication, distribution, etc. | c1954. |
| 300 ## - PHYSICAL DESCRIPTION | |
| Pagination | xii, 637 p. : |
| Illustrations | illus. ; |
| Size | 24 cm. |
| 500 ## - GENERAL NOTE | |
| General note | Includes index. |
| 650 #0 - SUBJECT ADDED ENTRY--TOPICAL TERM | |
| Topical term or geographic name as entry element | Electric currents. |
| 9 (RLIN) | 27773 |
| Topical term or geographic name as entry element | Electric machinery. |
| 9 (RLIN) | 41439 |
| 942 ## - ADDED ENTRY ELEMENTS (KOHA) | |
| Source of classification or shelving scheme | Dewey Decimal Classification |
| Koha item type | Books |
| Lost status | Source of classification or shelving scheme | Damaged status | Not for loan | Collection code | Permanent Location | Current Location | Shelving location | Date acquired | Source of acquisition | Cost, normal purchase price | Total Checkouts | Full call number | Date last seen | Copy number | Koha item type |
|---|---|---|---|---|---|---|---|---|---|---|---|---|---|---|---|
| Dewey Decimal Classification | Not For Loan | Non-fiction | Central Library, University of Rajshahi | Central Library, University of Rajshahi | Reading Room | 27/07/1959 | McGraw-Hill | 7.00 | 621.313 LOD 1954 | 30/01/2014 | C-1 | Books | |||
| Dewey Decimal Classification | Non-fiction | Central Library, University of Rajshahi | Central Library, University of Rajshahi | 27/02/1959 | Mc Graw Hill | 13.95 | 621.313 LOD 1954 | 28/09/2016 | C-2 | Books |